000
00409nam a2200157Ia 4500
008
100122s9999 xx 000 0 und d
082
_b
77090
_a
150
100
_a
पाटील विजया
245
_a
सेकंद सेकंद
250
_a
3
260
_c
2007
300
_a
153
630
_a
सेकंद सेकंद
730
_a
सेकंद सेकंद
942
_c
BOOK
999
_c
394048
_d
394045